| 000 | 00400nam a2200133Ia 4500 | ||
|---|---|---|---|
| 008 | 220217s9999||||xx |||||||||||||| ||und|| | ||
| 020 | _a81-203-1377-1 | ||
| 082 | _a004.2 KAI | ||
| 100 |
_aKain, Richard, Y _93064 |
||
| 245 | 0 | _aAdvanced computer architecture: a systems design approach | |
| 260 |
_aPrentice hall of india _bNew Delhi _c1999 |
||
| 300 | _b295 | ||
| 650 | _aCOMPUTER ARCHITECTURE | ||
| 999 |
_c170775 _d170775 |
||